000
00203 a2200097 4500
001
3953
100
_a
Axelrod,A
245
_a
Machine shop mathematics
260
_a
_b
Mcgrawhill
_c
090
_c
3182
_d
3182
942
_a
NUST-CAE
_c
M
_c
24247
999
_c
239026
_d
239026